| 000 | 00432nam a22001697a 4500 | ||
|---|---|---|---|
| 005 | 20180131153857.0 | ||
| 008 | 160427b xxu||||| |||| 00| 0 eng d | ||
| 020 | _a97881820-92211 | ||
| 041 | _aeng | ||
| 082 |
_b00419 _a004 |
||
| 100 |
_aLeon, Alexis _94023 |
||
| 245 | _aFundamentals of Information Technology | ||
| 260 |
_aChennai _bLeon Vilas Pub, _c1999 |
||
| 300 | _a359 | ||
| 650 |
_aInformation Technology _9137 |
||
| 942 | _cBK | ||
| 999 |
_c128 _d128 |
||